Friends: All Boyfriends/Girlfriends - Statistics

General Stats
  • This quiz has been taken 440 times
  • The average score is 42 of 104
Answer Stats
Character Partner % Correct
Joey | Ross Rachel
93%
Rachel Ross
93%
Chandler Monica
92%
Chandler | Ross Janice
91%
Monica Chandler
88%
Monica Richard
87%
Rachel Joey
80%
Phoebe Mike
80%
Monica | Rachel Paul
79%
Ross Carol
76%
Chandler | Joey Kathy
76%
Phoebe David
70%
Ross Elizabeth
68%
Ross Emily
67%
Rachel Josh
67%
Rachel Joshua
67%
Monica Pete
67%
Ross Mona
63%
Rachel Barry
62%
Rachel Paolo
62%
Rachel Tag
62%
Joey | Ross Charlie
61%
Chandler | Ross Julie
61%
Monica Fun Bobby
58%
Monica Bob
56%
Phoebe Gary
56%
Rachel Danny
55%
Joey Janine
53%
Chandler Mary Angela
51%
Joey Ursula
50%
Rachel Steve
47%
Monica | Rachel Chip
46%
Phoebe Eric
46%
Rachel Mark
46%
Joey Kate
45%
Rachel Russ
45%
Ross Bonnie
44%
Phoebe Parker
42%
Monica Ethan
38%
Ross Jill
38%
Chandler Aurora
37%
Chandler Joanna
36%
Phoebe Tim
36%
Rachel Gavin
34%
Joey Katie
34%
Chandler Susie
34%
Joey Erin
33%
Phoebe Rob
33%
Phoebe Robert
33%
Phoebe Duncan
31%
Chandler Ginger
31%
Monica Alan
30%
Ross Chloe
30%
Phoebe Vince
29%
Joey Lauren
28%
Rachel Carl
27%
Monica Julio
27%
Phoebe Roger
27%
Ross Amanda
26%
Joey Laura
26%
Rachel Tommy
26%
Joey Sarah
25%
Phoebe Jason
24%
Phoebe Jim
24%
Monica Timothy
24%
Joey Erika
21%
Monica Jean-Claude
21%
Joey Jessica
21%
Joey Kristen
21%
Phoebe Ryan
21%
Rachel Michael
19%
Ross Cheryl
18%
Phoebe Malcolm
17%
Chandler Nina
17%
Joey Cecilia
16%
Rachel Dave
16%
Phoebe Sergei
16%
Joey Melanie
15%
Chandler Danielle
14%
Joey Felicity
14%
Joey Annabel
13%
Phoebe Jake
13%
Monica Roy
13%
Joey Sandy
13%
Phoebe Tony
13%
Chandler Jade
12%
Phoebe Don
11%
Chandler Marjorie
11%
Joey Hayley
10%
Phoebe Larry
10%
Rachel Kash
9%
Phoebe Kyle
9%
Joey Mary Ellen
9%
Ross Michelle
9%
Ross Celia
8%
Ross Hillary
7%
Ross Whitney
7%
No matching quizzes found
Score Distribution
Percent of People with Each Score
Percentile by Number Answered
Your Score History
You have not taken this quiz